MARC

LEADER 00000nam0a2200000 4500
001 292260
005 20231102000457.0
035 |a (RuTPU)RU\TPU\book\316875 
090 |a 292260 
100 |a 20150421d1984 k y0rusy50 ca 
101 0 |a rus 
102 |a RU 
105 |a a z 001zy 
200 1 |a Силициды урана как ядерное топливо  |f Ю. И. Петров, С. Н. Башлыков, А. В. Морозов 
210 |a Москва  |c Энергоатомиздат  |d 1984 
215 |a 110 с.  |c ил. 
320 |a Библиогр.: с. 105-108. 
606 1 |a Ядерное топливо  |2 stltpush  |3 (RuTPU)RU\TPU\subj\21595  |9 46555 
610 1 |a уран-плутониевое топливо 
610 1 |a урановое топливо 
610 1 |a силициды 
610 1 |a ТВЭЛы 
610 1 |a химические свойства 
675 |a 621.039.54  |v 3 
700 1 |a Петров  |b Ю. И.  |g Юрий Иванович 
701 1 |a Башлыков  |b С. Н.  |g Сергей Николаевич 
701 1 |a Морозов  |b А. В.  |g Александр Васильевич 
801 1 |a RU  |b 63413507  |c 20150421 
801 2 |a RU  |b 63413507  |c 20200205  |g RCR 
942 |c BK